[Event "ch-FRA w"]
[Site "Val d'Isere FRA"]
[Date "2002.08.24"]
[Round "6"]
[White "Wohlers Armas,F"]
[Black "Delahaye,R"]
[Result "0-1"]
[WhiteElo "2170"]
[BlackElo "2166"]
[EventDate "2002.08.19"]

1. d4 e6 2. c4 f5 3. Nc3 Nf6 4. Nf3 Be7 5. Bf4 O-O 6. e3 d6 7. h3 Qe8 8.
Qc2 Bd8 9. g4 Nbd7 10. gxf5 exf5 11. Bd3 Nh5 12. Bg5 Bxg5 13. Nxg5 Nf4 14.
Bf1 Nf6 15. O-O-O Ne6 16. Nf3 Bd7 17. Bd3 Qh5 18. Be2 Qh6 19. Kb1 Rae8 20.
Nd2 a6 21. Nd5 Nxd4 22. Qd3 Nxe2 23. Nxc7 Rc8 24. Nd5 Nxd5 25. Qxd5+ Qe6
26. Qd3 f4 27. Qxe2 fxe3 28. fxe3 Rce8 29. Nf1 Bc6 30. Nd2 0-1

[Event "ch-FRA w"]
[Site "Val d'Isere FRA"]
[Date "2002.08.24"]
[Round "6"]
[White "Flear,C"]
[Black "Dubois,M"]
[Result "1-0"]
[WhiteElo "2176"]
[BlackElo "2049"]
[EventDate "2002.08.19"]

1. d4 Nf6 2. c4 g6 3. Nc3 d5 4. cxd5 Nxd5 5. Bd2 Bg7 6. e4 Nxc3 7. Bxc3 c5
8. d5 Bxc3+ 9. bxc3 Qa5 10. Qd2 b5 11. Rb1 a6 12. Nf3 Nd7 13. e5 Nf8 14.
Bd3 Bf5 15. Bxf5 gxf5 16. O-O Qa4 17. d6 e6 18. Qg5 Ra7 19. Qg7 Ng6 20. Ng5
Qf4 21. Nxe6 Qxe5 22. Nc7+ Kd7 23. Qxf7+ Kc6 24. Rfe1 Rf8 25. Qxh7 Rh8 26.
Qxg6 Qxh2+ 27. Kf1 Qf4 28. Qg3 Rh1+ 29. Ke2 Qc4+ 30. Qd3 Qg4+ 31. Qf3+ 1-0

[Event "ch-FRA w"]
[Site "Val d'Isere FRA"]
[Date "2002.08.24"]
[Round "6"]
[White "Costagliola,M"]
[Black "Milliet,S"]
[Result "0-1"]
[WhiteElo "2238"]
[BlackElo "2173"]
[EventDate "2002.08.19"]

1. Nc3 c5 2. e4 Nc6 3. g3 g6 4. Bg2 Bg7 5. Nf3 d6 6. O-O Rb8 7. Nh4 Nf6 8.
f4 Bg4 9. Bf3 Bxf3 10. Rxf3 b5 11. d3 a5 12. h3 a4 13. a3 Nd4 14. Rf2 Nd7
15. Be3 Nb6 16. f5 Qd7 17. Qf1 gxf5 18. exf5 Be5 19. Rg2 b4 20. axb4 cxb4
21. Ne4 Nd5 22. Bh6 b3 23. cxb3 Rxb3 24. Re1 Qa7 25. Kh2 Kd7 26. Ng5 f6 27.
Nf7 Rhb8 28. Nxe5+ dxe5 29. Bc1 Qa6 30. Rd2 Nb4 31. Red1 Na2 32. Qg2 Qb7
33. g4 Rc8 34. Qf1 Qc6 35. Rg2 Nxc1 36. g5 fxg5 37. Rxg5 Rxb2+ 38. Rg2
Rxg2+ 39. Nxg2 a3 40. Ne3 a2 41. Nc4 Nf3+ 42. Kg3 Rg8+ 43. Kf2 a1=Q 44.
Rxc1 Qa2+ 45. Ke3 Qa7+ 0-1

[Event "ch-FRA w"]
[Site "Val d'Isere FRA"]
[Date "2002.08.25"]
[Round "7"]
[White "Te Llalemand,R"]
[Black "Marchadour,C"]
[Result "1/2-1/2"]
[WhiteElo "2301"]
[BlackElo "2081"]
[EventDate "2002.08.19"]

1. e4 c5 2. Nc3 Nc6 3. Bb5 e6 4. Bxc6 dxc6 5. d3 e5 6. Be3 Nf6 7. h3 Bd6 8.
Nf3 O-O 9. O-O b5 10. Nd2 Be6 11. f4 exf4 12. Bxf4 Bxf4 13. Rxf4 Qd6 14.
Rf2 Rad8 15. Qe2 Nd7 16. Raf1 Ne5 17. Qh5 c4 18. dxc4 Nxc4 19. Nf3 Qe7 20.
b3 Nb6 21. Ne2 Nd7 22. Ned4 Qc5 23. Qh4 h6 24. Kh1 Ne5 25. Nxe5 Rxd4 26.
Nd3 Qd6 27. Re2 c5 28. Qh5 c4 29. Nf4 Rd1 30. Ref2 Rxf1+ 31. Rxf1 cxb3 32.
cxb3 a6 33. Qf3 Rd8 34. Nh5 Qd3 35. Qf4 Rd4 36. Ng3 Qd2 37. Qe5 Rd3 38. Nf5
Bxf5 39. Qxf5 Rd7 40. Rf2 Qc1+ 41. Rf1 Qd2 42. Qe5 Qd6 43. Qf5 Qe6 44. Qf4
Re7 45. Re1 Qe5 46. Qc1 f5 47. Qc8+ Kh7 48. Qxa6 fxe4 49. a4 bxa4 50. bxa4
e3 51. Qd3+ g6 52. a5 Qf4 53. a6 e2 1/2-1/2

[Event "ch-FRA w"]
[Site "Val d'Isere FRA"]
[Date "2002.08.25"]
[Round "7"]
[White "Dubois,M"]
[Black "Wohlers Armas,F"]
[Result "1/2-1/2"]
[WhiteElo "2049"]
[BlackElo "2170"]
[EventDate "2002.08.19"]

1. e4 c5 2. c3 b6 3. d4 Bb7 4. Bd3 Nf6 5. Nd2 cxd4 6. cxd4 Nc6 7. Ne2 g6 8.
O-O Bg7 9. a3 Qc7 10. b4 Ng4 11. g3 Nxd4 12. Nxd4 Bxd4 13. Qxg4 Bxa1 14.
Nc4 Bg7 15. Bf4 e5 16. Bg5 f6 17. Be3 O-O 18. Rc1 Rac8 19. Qd1 Kh8 20. Nxb6
Qxc1 21. Bxc1 axb6 22. f3 d5 23. exd5 Bxd5 24. Bb2 Rfd8 25. Qe2 Rd6 26. Qe3
Rcd8 27. Be2 Be6 28. g4 b5 29. g5 Bc4 30. gxf6 Bxf6 31. Bxe5 Bxe5 32. Qxe5+
Kg8 33. Bxc4+ bxc4 34. b5 Rd5 35. Qe6+ Kg7 36. Qe7+ Kh6 37. Qh4+ 1/2-1/2

[Event "ch-FRA w"]
[Site "Val d'Isere FRA"]
[Date "2002.08.25"]
[Round "7"]
[White "Delahaye,R"]
[Black "Muller,A"]
[Result "1/2-1/2"]
[WhiteElo "2166"]
[BlackElo "2169"]
[EventDate "2002.08.19"]

1. c4 e5 2. Nc3 Nf6 3. g3 d5 4. cxd5 Nxd5 5. Bg2 Nb6 6. Nf3 Nc6 7. O-O Be7
8. a3 O-O 9. b4 Be6 10. Rb1 f6 11. d3 a5 12. b5 Nd4 13. a4 Bb4 14. Bd2 Re8
15. Ne1 Bg4 16. h3 Bc8 17. Ne4 Bf8 18. e3 Ne6 19. g4 Nd5 20. Nc2 c6 21.
bxc6 bxc6 22. Nc3 Ba6 23. Bxd5 cxd5 24. Nb5 Nc5 25. Ne1 Rb8 26. f3 Ne6 27.
Ng2 Bc5 28. Qe1 Bb6 29. Kh1 Nc5 30. Qd1 Nxd3 31. Bxa5 Bxa5 32. Qxd3 Qd7 33.
Rfd1 Red8 34. Nh4 g6 35. Ng2 Kg7 36. Ne1 Bb7 37. Kg2 Rdc8 38. Nc2 Bc6 39.
Nb4 Bxb5 40. axb5 Qxb5 41. Qxb5 Rxb5 42. Nxd5 Rc2+ 43. Kg1 Rbb2 1/2-1/2

[Event "ch-FRA w"]
[Site "Val d'Isere FRA"]
[Date "2002.08.25"]
[Round "7"]
[White "Verot,M"]
[Black "Flear,C"]
[Result "0-1"]
[WhiteElo "2077"]
[BlackElo "2176"]
[EventDate "2002.08.19"]

1. d4 d5 2. c4 e6 3. Nc3 Be7 4. cxd5 exd5 5. Qc2 c6 6. Nf3 Nf6 7. Bg5 Nbd7
8. e3 O-O 9. Bd3 Re8 10. O-O Nf8 11. Ne5 Nh5 12. Bxe7 Qxe7 13. Rae1 g6 14.
e4 dxe4 15. Rxe4 Be6 16. f4 f5 17. Ree1 Qd6 18. Qf2 Rad8 19. Ne2 Nf6 20.
Qh4 Bd5 21. g4 Nxg4 22. Nxg4 fxg4 23. Qxg4 Qe6 24. Qxe6+ Bxe6 25. b3 Bh3
26. Bc4+ Kg7 27. Rf2 Rxd4 28. Nxd4 Rxe1+ 29. Bf1 Rd1 30. Ne2 Ne6 31. Nc3
Rxf1+ 32. Rxf1 Bxf1 33. Kxf1 Nxf4 34. Ne4 Ne6 35. Nd6 Nd8 36. Ke2 Kf6 37.
Ke3 Ke5 38. Nc4+ Kd5 39. Kd3 Ne6 40. Ne3+ Ke5 41. Nc4+ Kf4 42. Nd6 Nd8 43.
Ne4 h5 44. h3 g5 45. Nf6 h4 46. Ke2 Kg3 47. Ne4+ Kxh3 48. Nxg5+ Kg2 49. Nf3
h3 50. Nh4+ Kg3 0-1